000 00647nam a22002057a 4500
999 _c57383
_d57383
005 20221105220307.0
008 200615s2016 enk||||| |||| 00| 0 eng d
020 _a9780702055720 1
041 _aeng
080 _a617.7 K-21
100 _aKanski, Jack
_98387
245 _aKanski's Clinical Ophthalmology :
_bA Systematic Approach /
_cJack Kanski Brad Bowling.
250 _a8th Edition
264 _aSydney :
_bElsevier,
_c2016.
300 _a917 p.
_b28 cm.
653 _aმედიცინა
653 _aთვალის დაავადებები
700 _aBowling Brad
_eავტორი
_98388
942 _2udc
_cBK